000 00672nam a2200265Ia 4500
001 18981
005 20240113235910.0
007 ta
008 060128s1960 g b000 u 465 u
020 _cPB
040 _aCotton College,Assam
041 _a465
082 _a530
_bC 361 P
100 _aChandrasekhar, S..
245 0 _aPlasma Physics /
_cS.Chandrasekhar.
_hTextual Documents
250 _a1st ed. /
260 _aChicago :
_bUniversity of Chicago Pres ,
_cC1960.
300 _a194p. ;
_c22cm.
653 _aPlasma Physics
653 _aPhysics-Plasma
653 _aG-Physics
942 _2ddc
_cBK
999 _c18963
_d18963